000
00245nam a2200109Ia 4500
008
221030s9999 xx 000 0 und d
082
_a
105.23
_b
MCA
245
0
_a
Fundamentals of Embedded Software
_b
CD
260
_c
2005
650
_a
Book
942
_c
CD
999
_c
29
_d
29